|
|
|
|
| LEADER |
01484nam a2200409 a 4500 |
| 001 |
EBC202163 |
| 003 |
MiAaPQ |
| 005 |
20200520144314.0 |
| 006 |
m o d | |
| 007 |
cr cn||||||||| |
| 008 |
950724s1995 enka sb 001 0 eng d |
| 010 |
|
|
|z 95213013
|
| 015 |
|
|
|a GB95-54205
|
| 020 |
|
|
|z 0521474191
|
| 035 |
|
|
|a (MiAaPQ)EBC202163
|
| 035 |
|
|
|a (Au-PeEL)EBL202163
|
| 035 |
|
|
|a (CaPaEBR)ebr2000700
|
| 035 |
|
|
|a (CaONFJC)MIL15186
|
| 035 |
|
|
|a (OCoLC)475917073
|
| 040 |
|
|
|a MiAaPQ
|c MiAaPQ
|d MiAaPQ
|
| 050 |
|
4 |
|a HB71
|b .S777 1995
|
| 082 |
0 |
4 |
|a 330
|2 20
|
| 100 |
1 |
|
|a Stark, Oded.
|
| 245 |
1 |
0 |
|a Altruism and beyond
|h [electronic resource] :
|b an economic analysis of transfers and exchanges within families and groups /
|c Oded Stark.
|
| 260 |
|
|
|a Cambridge ;
|a New York :
|b Cambridge University Press,
|c 1995.
|
| 300 |
|
|
|a x, 142 p. :
|b ill.
|
| 490 |
1 |
|
|a Oscar Morgenstern memorial lectures
|
| 504 |
|
|
|a Includes bibliographical references and index.
|
| 533 |
|
|
|a Electronic reproduction. Ann Arbor, MI : ProQuest, 2015. Available via World Wide Web. Access may be limited to ProQuest affiliated libraries.
|
| 650 |
|
0 |
|a Economics
|x Methodology.
|
| 650 |
|
0 |
|a Families
|x Economic aspects.
|
| 650 |
|
0 |
|a Exchange.
|
| 650 |
|
0 |
|a Altruism.
|
| 655 |
|
4 |
|a Electronic books.
|
| 710 |
2 |
|
|a ProQuest (Firm)
|
| 830 |
|
0 |
|a Oscar Morgenstern memorial lectures.
|
| 856 |
4 |
0 |
|u https://ebookcentral.proquest.com/lib/matrademy/detail.action?docID=202163
|z Click to View
|